Language Quiz

Random Language or Letter Quiz

Rhymes with 'Ark' Quiz Stats

 Plays Quiz Updated Nov 16, 2020

Support Sporcle.
Go Orange.
Score 0/16 Timer 02:00
10 Plays Today
'Ark' Rhymes % Correct
BARK
98.4%
MARK
97.2%
LARK
96.8%
PARK
96.7%
DARK
95.9%
HARK
87.6%
NARC/NARK
87.5%
STARK
75.2%
'Ark' Rhymes % Correct
SHARK
67.4%
SPARK
59.2%
QUARK
57%
ARC
54.7%
MARC
35.5%
MARQUE
22.9%
SQUARK
17.8%
BARQUE
17.6%

You're not logged in!

Compare scores with friends on all Sporcle quizzes.
OR
Log In

From the Vault

Harry Potter Screenshot Match: The Sorcerer's Stone

by Quiztopia

Let's just hope you don't get struck with the Forgetfulness Charm.
Remove Ads.
Support Sporcle.
Get the best of Sporcle when you Go Orange. This ad-free experience offers more features, more stats, and more fun while also helping to support Sporcle. Thank you for becoming a member.

Show Comments

Extras

Top Quizzes Today


Score Distribution

Your Account Isn't Verified!

In order to create a playlist on Sporcle, you need to verify the email address you used during registration. Go to your Sporcle Settings to finish the process.

Report this User

Report this user for behavior that violates our Community Guidelines.

Details: